[Event "Dundee & Angus Congress Major"]
[Site "?"]
[Date "2011.??.??"]
[Round "5"]
[White "Robertson, Graeme"]
[Black "Thacker, Stephen"]
[Result "1-0"]
[WhiteElo "1430"]
[BlackElo "1436"]
[PlyCount "101"]

1. e4 c5 2. Nf3 d6 3. Bc4 e6 4. d4 Qc7 5. Bf4 cxd4 6. Qd3 e5 7. Bd2 a6 8. O-O
Nf6 9. Ng5 Be6 10. Nxe6 fxe6 11. Bxe6 Nbd7 12. Bxd7+ Nxd7 13. c3 Qb6 14. b3 Rc8
15. cxd4 Qxd4 16. Qxd4 exd4 17. Rc1 Rc5 18. Na3 Ne5 19. f4 Nd3 20. Rxc5 dxc5
21. Nc4 b5 22. Nb6 Bd6 23. e5 Bb8 24. Kf1 Nb4 25. Bxb4 cxb4 26. Rd1 Ba7 27. Nd5
Rf8 28. g3 g5 29. Ke2 gxf4 30. gxf4 Kd7 31. Kf3 a5 32. Ke4 h6 33. f5 Rc8 34.
Rd2 Rc1 35. Re2 Rd1 36. Nf4 a4 37. f6 Rg1 38. e6+ Ke8 39. f7+ Ke7 40. Kf5 Rg5+
41. Ke4 Rg4 42. Kf3 Rg5 43. Rc2 Rc5 44. Rxc5 Bxc5 45. Ke4 Bd6 46. Ng6+ Kxe6 47.
f8=Q Bxf8 48. Nxf8+ Kd6 49. Kxd4 Kc6 50. h4 Kd6 51. Ng6 1-0

[Event "Dundee & Angus Congress Major"]
[Site "?"]
[Date "2011.??.??"]
[Round "5"]
[White "Harkins, William"]
[Black "Milton, Carl"]
[Result "1-0"]
[WhiteElo "1494"]
[BlackElo "1310"]
[PlyCount "71"]

1. d4 d5 2. Nf3 Nf6 3. e3 e6 4. Bd3 Be7 5. b3 O-O 6. Bb2 Bd7 7. Nbd2 c5 8. O-O
Nc6 9. a3 Rc8 10. Ne5 cxd4 11. exd4 Qc7 12. f4 Qb6 13. c3 Bd6 14. Kh1 Ne7 15.
Rf3 Bb5 16. Bc2 g6 17. Rh3 Kg7 18. Qe1 Rh8 19. Qh4 Neg8 20. g4 Be7 21. Qg3 Nd7
22. Ndf3 Nxe5 23. Nxe5 Nf6 24. Re1 Nd7 25. Bc1 Qd8 26. a4 Bc6 27. Rf1 Nxe5 28.
fxe5 Bg5 29. Qf2 Rc7 30. Ba3 Rf8 31. Bxf8+ Qxf8 32. Rf3 Be8 33. h4 Bd8 34. h5
Qa3 35. hxg6 hxg6 36. Qh2 {Black's flag fell} 1-0

[Event "Dundee & Angus Congress Major"]
[Site "?"]
[Date "2011.10.16"]
[Round "5"]
[White "Mitchell, Jeremy"]
[Black "Babin, Andre"]
[Result "0-1"]
[WhiteElo "1703"]
[BlackElo "1633"]
[PlyCount "76"]

{128MB, Fritz9.ctg, CASTLEHILL} 1. e4 1... e6 2. Nf3 c5 3. d4 cxd4 4. Nxd4 Nf6
5. Nc3 d6 6. Bg5 a6 7. f4 Be7 8. Qf3 Qc7 9. O-O-O Nc6 10. Nxc6 Qxc6 11. e5 Qxf3
12. gxf3 dxe5 13. fxe5 Nd7 14. Bxe7 Kxe7 15. f4 g5 16. fxg5 Nxe5 17. Bg2 Rg8
18. Ne4 Bd7 19. Nc5 Rxg5 20. Nxd7 Nxd7 21. Bxb7 Ra7 22. Be4 f5 23. Bd3 Ne5 24.
Rde1 Nxd3+ 25. cxd3 Rg2 26. Reg1 Rc7+ 27. Kb1 Rcc2 28. Rxg2 Rxg2 29. h4 Kf6 30.
a4 f4 31. Kc1 Kf5 32. b4 f3 33. Rf1 Kf4 34. b5 axb5 35. axb5 Ke3 36. Re1+ Re2
37. Kd1 Kf2 38. Rh1 Kg2 0-1

[Event "Dundee & Angus Congress Major"]
[Site "?"]
[Date "2011.10.16"]
[Round "5"]
[White "Smith, Stephen"]
[Black "Emery, Keith"]
[Result "1/2-1/2"]
[WhiteElo "1670"]
[BlackElo "1704"]
[PlyCount "126"]

{128MB, Fritz9.ctg, CASTLEHILL} 1. e4 1... Nf6 2. e5 Nd5 3. d4 d6 4. c4 Nb6 5.
exd6 cxd6 6. Nf3 Bg4 7. Be2 g6 8. O-O Bg7 9. Be3 O-O 10. b3 Nc6 11. Nc3 e5 12.
dxe5 dxe5 13. Qxd8 Rfxd8 14. Rad1 Nd7 15. h3 Be6 16. Nb5 e4 17. Ng5 Be5 18.
Nxe4 a6 19. Nd4 Nxd4 20. Bxd4 Bxd4 21. Rxd4 f5 22. Ng5 Nf8 23. Rfd1 Rxd4 24.
Rxd4 Re8 25. Bf3 Bc8 26. Bd5+ Kg7 27. Nf3 Kf6 28. Kf1 Re7 29. Rd2 Be6 30. Bxe6
Rxe6 31. Rd8 Ke7 32. Rb8 Rb6 33. Ne5 Nd7 34. Nxd7 Kxd7 35. Rh8 h5 36. Rh7+ Kc6
37. Re7 Kc5 38. g3 Kb4 39. Re2 a5 40. Ke1 a4 41. Re3 Ra6 42. bxa4 Kxc4 43. Re7
Rb6 44. a5 Rb1+ 45. Ke2 Rb2+ 46. Kf3 Rxa2 47. Rxb7 Rxa5 48. Rb6 g5 49. Rh6 g4+
50. Kg2 gxh3+ 51. Kxh3 f4 52. gxf4 Rf5 53. Kg3 Kd5 54. Kf3 Kd4 55. Rg6 Rf8 56.
Rg5 Rh8 57. Re5 h4 58. Kg2 Rf8 59. Kf3 Rh8 60. Re1 h3 61. Rh1 h2 62. Rd1+ Kc5
63. Rh1 Kd4 1/2-1/2